| 000 | 00588nam a2200205Ia 4500 | ||
|---|---|---|---|
| 008 | 220216s9999 xx 000 0 und d | ||
| 100 | _aKaewthai S | ||
| 245 | 4 | _aThe effect of field natural rubber larex pretreatment with cationic exchange resin on latex dipped film properties | |
| 260 |
_bJournal of Rubber Research _c2019 |
||
| 300 | _a91-98 | ||
| 650 | _aFilm | ||
| 650 | _aLatex | ||
| 650 | _aMagnesium | ||
| 650 | _aProtein | ||
| 650 | _aResin | ||
| 700 | _aPuangmanee S | ||
| 700 | _aTaweepreda W | ||
| 856 | _uhttps://doi.org/10.1007/s42464-019-00015-w | ||
| 942 | _cJS | ||
| 999 |
_c70613 _d70613 |
||